Statistics for Country Flags With Only Red

Click here to take the quiz!

General Stats

  • This quiz has been taken 26 times
    (21 since last reset)
  • The average score is 8 of 20

Answers on the Map

Answers color-coded by a green-red scale on the quiz's map according to % correct below.
 

Answer Stats

Answer% Correct
Angola
100%
Croatia
78%
Austria
56%
Kiribati
56%
Mongolia
56%
Papua New Guinea
56%
Chile / Liechtenstein / Poland
50%
Denmark
50%
Cameroon
44%
Latvia
44%
Norway
44%
Brunei
39%
Malaysia
39%
Egypt / Gambia / Hungary / Iraq / Luxembourg / Netherlands / Paraguay / Tajikistan / Yemen
28%
Guinea
22%
Ecuador
17%
Germany
11%
Lebanon / Mauritania
11%
Namibia
11%
Nicaragua
11%

Score Distribution

Percentile by Number Answered

Percent of People with Each Score

Your Score History

You have not taken this quiz since the last reset